Loading...
| Current Events | 2 | 15.00 | 100% | 50% | 0% |
| Fine Arts - Classical Music | 7 | 11.43 | 86% | 29% | 0% |
| Fine Arts - Other | 4 | 17.50 | 100% | 50% | 25% |
| Fine Arts - Painting and Sculpture | 5 | 12.00 | 100% | 20% | 0% |
| Geography | 2 | 15.00 | 100% | 0% | 50% |
| History - American | 5 | 18.00 | 100% | 60% | 20% |
| History - European | 8 | 17.50 | 100% | 75% | 0% |
| History - Other | 3 | 20.00 | 100% | 67% | 33% |
| History - World | 6 | 16.67 | 100% | 67% | 0% |
| Literature - American | 4 | 15.00 | 100% | 50% | 0% |
| Literature - British | 5 | 14.00 | 100% | 40% | 0% |
| Literature - European | 5 | 20.00 | 100% | 80% | 20% |
| Literature - World | 6 | 15.00 | 100% | 33% | 17% |
| Mythology | 4 | 25.00 | 100% | 75% | 75% |
| Other Academic | 1 | 20.00 | 100% | 100% | 0% |
| Philosophy | 4 | 17.50 | 100% | 75% | 0% |
| Religion | 6 | 16.67 | 100% | 33% | 33% |
| Science - Biology | 3 | 10.00 | 100% | 0% | 0% |
| Science - Chemistry | 5 | 14.00 | 100% | 40% | 0% |
| Science - Other | 5 | 18.00 | 100% | 60% | 20% |
| Science - Physics | 5 | 22.00 | 100% | 80% | 40% |
| Social Science | 3 | 16.67 | 100% | 67% | 0% |